000 00771nam0a22002531 4500
001 rc\572329
005 20250621170627.0
010 _a5-06-001181-X
_955000
035 _a(NLR Aleph) 005820791
090 _a5477354
_c5477354
100 _a20031121d1988 |||y0rusy50 ca
101 0 _arus
102 _aRU
105 _ay |||||||||
200 1 _aРусская церковь в IX - первой трети XII в.
_eПринятие христианства
210 _aМ.
_cВысш. школа
_d1988
215 _a414, [2] с.
_d21
320 _aИмен. указ.: с. 409-415
700 1 _aРапов
_bО.М.
_gОлег Михайлович
801 0 _aRU
_bNLR
_gpsbo
801 1 _aRU
_bELAR
_2rusmarc
852 _aNLR
_j88-3/15924
942 _cBOOK
980 _aNB